|
|
|
|
| LEADER |
00000cam a22000005a 4500 |
| 001 |
vtls010285215 |
| 003 |
SK-MaSNL |
| 005 |
20260301031830.0 |
| 008 |
240315s2011 xo la e p 000 0 slo |
| 015 |
|
|
|a SNBA2011/09-04935
|
| 020 |
|
|
|a 9788055205793
|q (brož.)
|
| 035 |
|
|
|a C41537AD-29E1-4D45-8B78-F707FEF34DCE
|
| 035 |
|
|
|a urn:nbn:sk:snk-amk1di
|
| 035 |
|
|
|a urn:nbn:sk:snk-am0087fn
|
| 040 |
|
|
|a SNK
|b slo
|c SNK
|e AACR2
|
| 041 |
0 |
|
|a slo
|
| 044 |
|
|
|a xo
|c SK
|
| 072 |
|
7 |
|a 632
|x Ochrana rastlín. Fytopatológia
|2 konspekt
|
| 072 |
|
7 |
|a 37.016
|x Učebné osnovy. Vyučovacie predmety. Učebnice
|2 konspektr
|
| 080 |
|
|
|a 632.51
|2 2001
|
| 080 |
|
|
|a (075.8)
|2 2001
|
| 080 |
|
|
|a 573.4-021.437
|2 2001
|
| 100 |
1 |
|
|a Smatana, Jozef,
|d 1954-
|4 aut
|9 193078
|
| 245 |
1 |
0 |
|a Základy herbológie
|c Jozef Smatana, Štefan Týr
|
| 250 |
|
|
|a 1. vyd.
|
| 260 |
|
|
|a Nitra
|b Slovenská poľnohospodárska univerzita
|c 2011
|
| 300 |
|
|
|a 125 s.
|b ilustr., tab.
|c 29 cm
|
| 366 |
|
|
|e 300 výt.
|
| 504 |
|
|
|a Bibliogr. s. 121-122
|
| 650 |
0 |
7 |
|a buriny
|2 SNKPH
|9 15855
|
| 650 |
0 |
7 |
|a herbológia
|2 SNKPH
|9 143765
|
| 650 |
0 |
7 |
|a Weeds
|2 SNKPHeng
|9 51080
|
| 650 |
0 |
7 |
|a škodcovia
|2 SNKPH
|9 31521
|
| 650 |
0 |
7 |
|a Pests
|2 SNKPHeng
|9 328013
|
| 655 |
|
7 |
|a učebnice vysokých škôl
|2 SNKPH
|9 70191
|
| 655 |
|
7 |
|a Textbooks (higher)
|2 SNKPHeng
|9 276436
|
| 700 |
1 |
|
|a Týr, Štefan,
|d 1968-
|4 aut
|9 249238
|
| 852 |
|
|
|a Štátna vedecká knižnica v Banskej Bystrici
|
| 919 |
|
|
|a 978-80-552-0579-3
|
| 958 |
|
|
|a NB
|
| 968 |
|
|
|d 63
|
| 999 |
|
|
|c 577392
|d 579322
|
| 952 |
|
|
|a SNK
|b SNK
|y PREZ
|7 0
|p 17A0704443
|o snkSB 81617
|i snk2011/13448
|8 0
|0 0
|1 0
|4 0
|d 2011-06-10
|f 1
|l 0
|r 2025-05-05 00:00:00
|w 2026-02-23
|
| 952 |
|
|
|a SNK
|b SNK
|y VYP
|7 0
|p 17A0704442
|o snkSB 81617 D1
|i snk2011/13449
|8 0
|0 0
|1 0
|4 0
|d 2011-06-10
|l 0
|r 2016-06-30 00:00:00
|w 2026-02-23
|